Forensic ballistics: (Record no. 3703)
[ view plain ]
| 000 -LEADER | |
|---|---|
| fixed length control field | 00665nam a22001817a 4500 |
| 008 - FIXED-LENGTH DATA ELEMENTS--GENERAL INFORMATION | |
| fixed length control field | 160116b xxu||||| |||| 00| 0 eng d |
| 020 ## - INTERNATIONAL STANDARD BOOK NUMBER | |
| International Standard Book Number | 978-971-9617-83-9 |
| 082 ## - DEWEY DECIMAL CLASSIFICATION NUMBER | |
| Edition number | 2016 |
| Classification number | DFil 623.4 |
| Item number | M31f |
| 100 ## - MAIN ENTRY--PERSONAL NAME | |
| 9 (RLIN) | 12327 |
| Personal name | Manuel, Georby C. |
| 245 ## - TITLE STATEMENT | |
| Title | Forensic ballistics: |
| Remainder of title | the science of firearms identification and practices/ |
| Statement of responsibility, etc. | Georby C. Manuel and Dennis I. Ibutnande. |
| 260 ## - PUBLICATION, DISTRIBUTION, ETC. (IMPRINT) | |
| Place of publication, distribution, etc. | Quezon City : |
| Name of publisher, distributor, etc. | Wiseman's Books Trading, |
| Date of publication, distribution, etc. | c2016. |
| 300 ## - PHYSICAL DESCRIPTION | |
| Extent | iv, 196 pages : |
| Other physical details | illustrations ; |
| Dimensions | 22 cm. |
| 500 ## - GENERAL NOTE | |
| General note | Includes references. |
| 650 #0 - SUBJECT ADDED ENTRY--TOPICAL TERM | |
| 9 (RLIN) | 12330 |
| Topical term or geographic name as entry element | Firearms |
| General subdivision | Identification |
| 700 ## - ADDED ENTRY--PERSONAL NAME | |
| 9 (RLIN) | 12332 |
| Personal name | Ibutnande, Dennis I. |
| 365 ## - TRADE PRICE | |
| Price amount | 398.00 |
| Currency code | Php |
| 942 ## - ADDED ENTRY ELEMENTS (KOHA) | |
| Source of classification or shelving scheme | Dewey Decimal Classification |
| Koha item type | Filipiniana |
| Withdrawn status | Lost status | Source of classification or shelving scheme | Damaged status | Not for loan | Collection code | Home library | Current library | Shelving location | Date acquired | Source of acquisition | Total Checkouts | Full call number | Barcode | Date last seen | Date last checked out | Copy number | Cost, replacement price | Price effective from | Koha item type |
|---|---|---|---|---|---|---|---|---|---|---|---|---|---|---|---|---|---|---|---|
| Dewey Decimal Classification | Filipiniana | UM Digos College - LIC | UM Digos College - LIC | Book Cart | 07/25/2016 | Purchased | 3 | DFil 623.4 M31f 2016 | 24209 | 05/15/2025 | 09/22/2021 | 1 | 398.00 | 08/05/2016 | Filipiniana | ||||
| Dewey Decimal Classification | Filipiniana | UM Digos College - LIC | UM Digos College - LIC | Book Cart | 07/25/2016 | Purchased | 1 | DFil 623.4 M31f 2016 | 24210 | 05/15/2025 | 12/07/2022 | 2 | 398.00 | 08/05/2016 | Filipiniana | ||||
| Dewey Decimal Classification | Filipiniana | UM Digos College - LIC | UM Digos College - LIC | Book Cart | 07/25/2016 | Purchased | 1 | DFil 623.4 M31f 2016 | 24211 | 05/15/2025 | 07/02/2019 | 3 | 398.00 | 08/05/2016 | Filipiniana | ||||
| Dewey Decimal Classification | Filipiniana | UM Digos College - LIC | UM Digos College - LIC | 07/25/2016 | Purchased | DFil 623.4 M31f 2016 | 24212 | 05/15/2025 | 4 | 398.00 | 08/05/2016 | Filipiniana | |||||||
| Dewey Decimal Classification | Filipiniana | UM Digos College - LIC | UM Digos College - LIC | 07/25/2016 | Purchased | DFil 623.4 M31f 2016 | 24213 | 05/15/2025 | 5 | 398.00 | 08/05/2016 | Filipiniana | |||||||
| Dewey Decimal Classification | Filipiniana | UM Digos College - LIC | UM Digos College - LIC | 02/15/2021 | Purchased | DFil 623.4 M31f 2016 | 26011 | 05/15/2025 | 6 | 02/11/2022 | Filipiniana |
